| 000 | 00820nam a22002055i 4500 | ||
|---|---|---|---|
| 001 | 157315 | ||
| 003 | ES-MaACL | ||
| 005 | 20230906210641.0 | ||
| 008 | 950206s1884 sp |||| | spa d | ||
| 040 | _aGA | ||
| 100 | 1 |
_aLaverde Ruiz, Gumersindo. _970705 |
|
| 245 | 1 | 0 |
_aDiscurso inaugural del curso académico de 1884 á 1885 / _cpor el Dr. D. Gumersindo Laverde y Ruiz. |
| 260 |
_aSantiago : _b[s.n.], _c1884 ( _fOficina tipográfica de José M. Paredes) |
||
| 300 |
_a48 p. ; _c30 cm. |
||
| 500 | _aTema del discurso: Sebastián Fox Morcillo. | ||
| 594 | _aPrecede al tít.: Universidad Literaria de Santiago. | ||
| 600 | 1 | 4 |
_aFox Morcillo, Sebastián. _9151693 |
| 710 | 2 |
_aUniversidad Literaria de Santiago de Compostela. _9135006 |
|
| 852 |
_aES-MaACL _jT-392-F-13 _z-- Enc. hol. _z-- Enc. en un vol. facticio |
||
| 999 |
_c157315 _d157315 |
||